000
00198nam a22000857a 4500
020
_a
9788175355705
082
_a
K423
245
_a
MIG THE PIG AND PAM AND THE KID - BOOK 3 - SHORT "I" SOUND
942
_c
BK
999
_c
5079
_d
5079